[Event "Fynsmesterskabet "]
[Site "Odense"]
[Date "2008.01.31"]
[Round "3"]
[White "Nielsen, Jan"]
[Black "Jorgensen, Peter Frank"]
[Result "1/2-1/2"]
[WhiteElo "1416"]
[BlackElo "1493"]
[PlyCount "72"]
[EventDate "2008.??.??"]
[EventType "swiss"]
[EventRounds "7"]
[EventCountry "DEN"]

1. e4 e5 2. Nf3 Nc6 3. Bc4 Nf6 4. d3 Bc5 5. O-O d6 6. h3 h6 7. a3 O-O 8. b4 Bb6
9. Nc3 a6 10. Qe2 Re8 11. Nd1 Nh5 12. Be3 Bxe3 13. Qxe3 Qf6 14. Kh2 Nf4 15. Ng1
Nd4 16. Ra2 Be6 17. Bxe6 Qxe6 18. Rb2 c6 19. g3 Nh5 20. f4 d5 21. c3 Nb5 22.
fxe5 Qxe5 23. Rf5 Qe6 24. Rxh5 dxe4 25. d4 Nxa3 26. Rf2 Nc4 27. Qf4 Rad8 28.
Ne3 g5 29. Qxf7+ Qxf7 30. Rxf7 Kxf7 31. Nxc4 Kg6 32. g4 Rf8 33. Ne5+ Kg7 34.
Kg2 e3 35. Ngf3 Ra8 36. Kf1 a5 1/2-1/2

[Event "Fynsmesterskabet "]
[Site "Odense"]
[Date "2008.01.31"]
[Round "3"]
[White "Nielsen, Theis"]
[Black "Hamann, Brian"]
[Result "1/2-1/2"]
[WhiteElo "1693"]
[BlackElo "1687"]
[PlyCount "34"]
[EventDate "2008.??.??"]
[EventType "swiss"]
[EventRounds "7"]
[EventCountry "DEN"]

1. e4 c5 2. Nf3 e6 3. d4 cxd4 4. Nxd4 a6 5. Nc3 Qc7 6. a3 Nf6 7. Be2 d6 8. Be3
Be7 9. Qd2 Nc6 10. O-O Bd7 11. f4 Nxd4 12. Bxd4 Bc6 13. Bf3 O-O 14. Rad1 e5 15.
Be3 exf4 16. Bxf4 Qb6+ 17. Qd4 Qxb2 1/2-1/2

[Event "Fynsmesterskabet "]
[Site "Odense"]
[Date "2008.01.31"]
[Round "3"]
[White "Pallesen, Jorn"]
[Black "Jensen, Jens Skjoldborg"]
[Result "1-0"]
[WhiteElo "1514"]
[BlackElo "1503"]
[PlyCount "61"]
[EventDate "2008.??.??"]
[EventType "swiss"]
[EventRounds "7"]
[EventCountry "DEN"]

1. e4 c5 2. Nc3 Nc6 3. f4 e6 4. Nf3 d6 5. Bb5 Bd7 6. O-O a6 7. Bxc6 Bxc6 8. d3
Nf6 9. Qe1 Be7 10. Qg3 g6 11. Bd2 Qd7 12. Rae1 Nh5 13. Qf2 O-O 14. g4 Ng7 15.
Ne2 f5 16. gxf5 exf5 17. e5 Rfe8 18. Bc3 b5 19. exd6 Bxd6 20. b3 Qc7 21. Ng5 h6
22. Nh3 Re6 23. Qh4 Nh5 24. Ng3 Rxe1 25. Rxe1 Nxg3 26. Qxh6 Ne2+ 27. Rxe2 Be4
28. Qh8+ Kf7 29. Ng5+ Ke7 30. Qg7+ Kd8 31. Ne6+ 1-0

[Event "Fynsmesterskabet "]
[Site "Odense"]
[Date "2008.01.31"]
[Round "3"]
[White "Pedersen, Jan Nordenbaek"]
[Black "Sorensen, Per Smidt"]
[Result "0-1"]
[WhiteElo "2223"]
[BlackElo "2017"]
[PlyCount "78"]
[EventDate "2008.??.??"]
[EventType "swiss"]
[EventRounds "7"]
[EventCountry "DEN"]

1. e4 c6 2. d3 d5 3. Nd2 e6 4. Ngf3 Nf6 5. g3 Be7 6. Bg2 O-O 7. O-O c5 8. Re1
Nc6 9. e5 Nd7 10. c4 f6 11. cxd5 exd5 12. exf6 Bxf6 13. Nb3 c4 14. dxc4 dxc4
15. Qd5+ Kh8 16. Qxc4 Nde5 17. Nxe5 Nxe5 18. Qe4 Bd7 19. Rd1 Qe8 20. Bf4 Bc6
21. Qe2 Bxg2 22. Kxg2 Qc6+ 23. f3 Ng6 24. Bd6 Rae8 25. Qf2 Bxb2 26. Bxf8 Bxa1
27. Bc5 Bf6 28. Bxa7 Qa6 29. Rd2 h6 30. Bd4 Bxd4 31. Nxd4 Qa5 32. Re2 Ra8 33.
Ne6 Qf5 34. Qd4 Qf7 35. Qd3 Re8 36. Nc5 Ra8 37. Ne6 Re8 38. Nc5 Ra8 39. Nb3 Qf6
0-1

[Event "Fynsmesterskabet "]
[Site "Odense"]
[Date "2008.01.31"]
[Round "3"]
[White "Rasmussen, Erling"]
[Black "Furrer, Christian"]
[Result "1-0"]
[WhiteElo "1648"]
[BlackElo "1147"]
[PlyCount "35"]
[EventDate "2008.??.??"]
[EventType "swiss"]
[EventRounds "7"]
[EventCountry "DEN"]

1. e4 c5 2. Nf3 d6 3. Bb5+ Bd7 4. Qe2 g6 5. Bxd7+ Qxd7 6. O-O Nc6 7. Nc3 Nf6 8.
d3 e6 9. Be3 Be7 10. Rad1 O-O 11. d4 cxd4 12. Bxd4 Nxd4 13. Rxd4 e5 14. Nxe5
Qe6 15. Nc4 Rac8 16. Rfd1 Rfd8 17. Qd3 Rc6 18. Nd5 1-0

[Event "Fynsmesterskabet "]
[Site "Odense"]
[Date "2008.01.31"]
[Round "3"]
[White "Schmidt, Jorn"]
[Black "Rasmussen, Jens"]
[Result "1-0"]
[WhiteElo "1801"]
[BlackElo "1584"]
[PlyCount "114"]
[EventDate "2008.??.??"]
[EventType "swiss"]
[EventRounds "7"]
[EventCountry "DEN"]

1. f4 d5 2. g3 g6 3. Bg2 c6 4. Nf3 Bg7 5. O-O Nf6 6. d3 O-O 7. Nc3 Qb6+ 8. e3
Bg4 9. Kh1 Nbd7 10. e4 e5 11. h3 Bxf3 12. Qxf3 d4 13. Ne2 Qc7 14. c4 c5 15. f5
a5 16. g4 h6 17. h4 Ra6 18. g5 hxg5 19. hxg5 Nh7 20. f6 Ndxf6 21. gxf6 Nxf6 22.
Ng3 Qd7 23. Bd2 Qg4 24. Kh2 Qh4+ 25. Bh3 Nh7 26. Qg4 Qxg4 27. Bxg4 Nf6 28. Bh3
Rb6 29. Rab1 Ra8 30. Rf2 Nh7 31. b3 Rd6 32. Rbf1 f6 33. Rg1 Kf7 34. Rfg2 Ng5
35. Bxg5 fxg5 36. Rf2+ Ke7 37. Rgf1 Bf6 38. Bg4 Rh8+ 39. Kg2 Rh4 40. Bd1 Rf4
41. Rh1 Rxf2+ 42. Kxf2 Bg7 43. Kg2 b6 44. Bg4 Rd8 45. Rh7 Kf6 46. Nf1 Rd6 47.
Nh2 Kf7 48. Be2 Kg8 49. Rh3 Rf6 50. Rg3 Rd6 51. Nf3 Bf6 52. Nxg5 Kg7 53. Kh3
Bxg5 54. Rxg5 Re6 55. Rg2 Rf6 56. Kg3 Kh6 57. Rh2+ Kg5 1-0

[Event "Fynsmesterskabet "]
[Site "Odense"]
[Date "2008.01.31"]
[Round "3"]
[White "Sorensen, Jimmy F"]
[Black "Furrer, Heinz"]
[Result "1-0"]
[WhiteElo "1517"]
[BlackElo "1779"]
[PlyCount "39"]
[EventDate "2008.??.??"]
[EventType "swiss"]
[EventRounds "7"]
[EventCountry "DEN"]

1. e4 c5 2. Nf3 d6 3. d4 cxd4 4. Nxd4 Nf6 5. Bd3 e5 6. Nb3 Be7 7. c4 Nc6 8. Nc3
Be6 9. Nd5 O-O 10. O-O a5 11. Be3 Nd7 12. Rc1 a4 13. Nd2 Nc5 14. Bb1 Qa5 15. f3
Bd8 16. Qe2 Nb4 17. Rfd1 Bd7 18. Nf1 Nxd5 19. Rxd5 Be7 20. Bxc5 1-0

[Event "Fynsmesterskabet "]
[Site "Odense"]
[Date "2008.01.31"]
[Round "3"]
[White "Svendsen, Mads Bilde"]
[Black "Ploug, Kurt"]
[Result "1-0"]
[WhiteElo "2098"]
[BlackElo "1701"]
[PlyCount "83"]
[EventDate "2008.??.??"]
[EventType "swiss"]
[EventRounds "7"]
[EventCountry "DEN"]

1. d4 Nf6 2. c4 e6 3. Nc3 d5 4. cxd5 exd5 5. Bg5 Be7 6. Qc2 c6 7. e3 Nbd7 8.
Bd3 h6 9. Bf4 O-O 10. h3 Re8 11. Nf3 Nf8 12. O-O-O Ne6 13. Be5 b5 14. g4 Nd7
15. h4 Nxe5 16. Nxe5 Bxh4 17. Nxc6 Qd7 18. Rxh4 b4 19. Nxb4 Qe7 20. Rh5 Qxb4
21. Rxd5 Bb7 22. Rb5 Qe7 23. Rxb7 Qxb7 24. Bh7+ Kh8 25. Be4 Qc8 26. Bxa8 Qxa8
27. Qf5 Kg8 28. d5 Nf8 29. g5 g6 30. Qf4 h5 31. Ne4 Nh7 32. Nf6+ Nxf6 33. gxf6
Kh7 34. e4 Qb7 35. Rh1 Qb4 36. f3 Qc4+ 37. Kb1 Qd3+ 38. Ka1 Qe2 39. Qc7 Kg8 40.
Rg1 Rf8 41. Rxg6+ Kh8 42. Rh6+ 1-0

[Event "Fynsmesterskabet "]
[Site "Odense"]
[Date "2008.01.31"]
[Round "3"]
[White "Veise, Svend"]
[Black "Kiel, Jorgen"]
[Result "1-0"]
[WhiteElo "1835"]
[BlackElo "1621"]
[PlyCount "109"]
[EventDate "2008.??.??"]
[EventType "swiss"]
[EventRounds "7"]
[EventCountry "DEN"]

1. d4 Nf6 2. Bf4 g6 3. e3 Bg7 4. Nf3 O-O 5. h3 d6 6. c3 b6 7. Nbd2 c5 8. Be2
Ba6 9. O-O Bxe2 10. Qxe2 Nbd7 11. Rad1 Rc8 12. Rfe1 d5 13. Qa6 Ra8 14. Ne5 Nxe5
15. Bxe5 Qc8 16. Qd3 c4 17. Qc2 b5 18. e4 e6 19. Bd6 Rd8 20. e5 Ne8 21. Bc5 Bf8
22. Bxf8 Kxf8 23. Re3 a5 24. a3 Rd7 25. Nf3 Rb7 26. Qd2 Qd8 27. Nh2 Qg5 28. Qe2
h5 29. Rg3 Qh6 30. Rf3 Ke7 31. Qe3 Qxe3 32. fxe3 f5 33. exf6+ Nxf6 34. Rdf1 Rf8
35. g4 Rbb8 36. g5 Nd7 37. Rxf8 Rxf8 38. Rxf8 Kxf8 39. Nf3 Kf7 40. Kf2 Ke7 41.
Kg3 a4 42. Kf4 Kd6 43. Nh4 Nf8 44. Nf3 Nd7 45. h4 Nf8 46. Ne5 Kc7 47. Nf7 Kd7
48. e4 Ke7 49. Ne5 dxe4 50. Nc6+ Kd6 51. Na7 b4 52. axb4 Kd5 53. Nc8 e5+ 54.
dxe5 Ne6+ 55. Ke3 1-0

[Event "Fynsmesterskabet "]
[Site "Odense"]
[Date "2008.02.14"]
[Round "4"]
[White "Andreasen, Rene"]
[Black "Drost, Allan"]
[Result "0-1"]
[WhiteElo "1670"]
[BlackElo "1860"]
[PlyCount "72"]
[EventDate "2008.??.??"]
[EventType "swiss"]
[EventRounds "7"]
[EventCountry "DEN"]

1. d4 e6 2. Nd2 Nf6 3. Ngf3 b6 4. e4 Bb7 5. e5 Ne4 6. Bd3 Nxd2 7. Bxd2 c5 8. c3
Nc6 9. Be4 d5 10. Bc2 Ba6 11. Bg5 Be7 12. Bxe7 Qxe7 13. Bd3 Bxd3 14. Qxd3 cxd4
15. cxd4 Qb4+ 16. Qd2 Rc8 17. a3 Qxd2+ 18. Kxd2 Na5 19. Kd3 Nb3 20. Rad1 Rc4
21. Ke3 Rc2 22. Rb1 Ke7 23. Rhd1 Rhc8 24. Ne1 R2c4 25. Rd3 Nc1 26. Rd1 a5 27.
Nd3 Nb3 28. Ne1 b5 29. Nf3 a4 30. Rd3 Rc2 31. Nd2 Nc1 32. Rc3 R2xc3+ 33. bxc3
Rxc3+ 34. Kf4 Ne2+ 35. Kg4 Nxd4 36. Rb4 Rd3 0-1

[Event "Fynsmesterskabet "]
[Site "Odense"]
[Date "2008.02.14"]
[Round "4"]
[White "Borsen, Claus"]
[Black "Cappelen, Niels Henrik"]
[Result "0-1"]
[WhiteElo "1433"]
[BlackElo "1634"]
[PlyCount "88"]
[EventDate "2008.??.??"]
[EventType "swiss"]
[EventRounds "7"]
[EventCountry "DEN"]

1. c4 e5 2. Nc3 Nc6 3. g3 Nf6 4. Bg2 Be7 5. Nf3 O-O 6. O-O Re8 7. d3 a6 8. a3
Rb8 9. b4 b5 10. cxb5 axb5 11. Bb2 d6 12. Qc2 Nd4 13. Nxd4 exd4 14. Nd5 Nxd5
15. Bxd5 Bf6 16. Rae1 Bh3 17. Bg2 Bxg2 18. Kxg2 Qd7 19. e3 c5 20. exd4 Qc6+ 21.
f3 c4 22. dxc4 bxc4 23. Bc3 Ra8 24. Qb2 Re6 25. Rxe6 fxe6 26. Re1 Qd5 27. Re2
Rf8 28. Rf2 Bd8 29. Qe2 Bb6 30. Rf1 Rf6 31. a4 Bxd4 32. Bxd4 Qxd4 33. Rd1 Qc3
34. Rxd6 e5 35. Rd8+ Rf8 36. Rxf8+ Kxf8 37. b5 Qd4 38. b6 Qxb6 39. Qxe5 Qc6 40.
Qc3 Qxa4 41. Qd4 Qc2+ 42. Kh3 Qd3 43. Qf4+ Ke7 44. Qc7+ Qd7+ 0-1

[Event "Fynsmesterskabet "]
[Site "Odense"]
[Date "2008.02.14"]
[Round "4"]
[White "Caceres, Cipriano Sande"]
[Black "Kjeldsen, Anton"]
[Result "0-1"]
[WhiteElo "1502"]
[BlackElo "1655"]
[PlyCount "112"]
[EventDate "2008.??.??"]
[EventType "swiss"]
[EventRounds "7"]
[EventCountry "DEN"]

1. c4 Nf6 2. Nc3 e6 3. Nf3 g6 4. g3 Bg7 5. Bg2 O-O 6. O-O c5 7. e3 d6 8. d4 Na6
9. a3 Nc7 10. Rb1 Rb8 11. Qe2 a6 12. Rd1 Qe7 13. b4 cxd4 14. exd4 d5 15. c5 Bd7
16. Bf4 Rbc8 17. Bd6 Qe8 18. Ne5 Bb5 19. Qa2 Nd7 20. Bxf8 Kxf8 21. Nxb5 Nxb5
22. Qb2 b6 23. a4 Nxe5 24. dxe5 Na7 25. cxb6 Nc6 26. f4 Kg8 27. Bf1 Nb8 28. b5
axb5 29. Bxb5 Qe7 30. Rbc1 Rc5 31. Rxc5 Qxc5+ 32. Qd4 Qc2 33. Rd2 Qc1+ 34. Kg2
Bf8 35. Qd3 Bc5 36. Rc2 Qg1+ 37. Kh3 h5 38. a5 Kg7 39. Rg2 Qa1 40. Qc3 Qxc3 41.
b7 Qxa5 42. Be2 Qb6 43. g4 hxg4+ 44. Kxg4 Qxb7 45. h4 d4 46. Bf3 Qb1 47. Kh3
Be7 48. Bg4 Qh1+ 49. Rh2 Qe1 50. Kg2 Bxh4 51. Rh3 Qf2+ 52. Kh1 Bg3 53. Be2 Qe1+
54. Kg2 Qxe2+ 55. Kxg3 Qe3+ 56. Kg4 Qxh3+ 0-1

[Event "Fynsmesterskabet "]
[Site "Odense"]
[Date "2008.02.14"]
[Round "4"]
[White "Dyrgaard, Kristoffer"]
[Black "Lindenskov, Bjarne"]
[Result "1-0"]
[WhiteElo "2127"]
[BlackElo "1804"]
[PlyCount "49"]
[EventDate "2008.??.??"]
[EventType "swiss"]
[EventRounds "7"]
[EventCountry "DEN"]

1. e4 c5 2. Nf3 d6 3. d4 cxd4 4. Nxd4 Nf6 5. Nc3 g6 6. Be3 Bg7 7. f3 O-O 8. Qd2
Nc6 9. Bc4 Bd7 10. h4 Rc8 11. Bb3 Qa5 12. O-O-O Ne5 13. Kb1 Rfe8 14. h5 Nc4 15.
Bxc4 Rxc4 16. hxg6 fxg6 17. Nde2 Rec8 18. Bh6 Bxh6 19. Qxh6 Be6 20. Rd3 b5 21.
Nf4 Bf7 22. Nfd5 Bxd5 23. Nxd5 Nxd5 24. Qxh7+ Kf8 25. Qxg6 1-0

[Event "Fynsmesterskabet "]
[Site "Odense"]
[Date "2008.02.14"]
[Round "4"]
[White "Furrer, Heinz"]
[Black "Jensen, Jacob"]
[Result "0-1"]
[WhiteElo "1779"]
[BlackElo "1578"]
[PlyCount "20"]
[EventDate "2008.??.??"]
[EventType "swiss"]
[EventRounds "7"]
[EventCountry "DEN"]

1. d4 e6 2. e4 Nf6 3. Nc3 Bb4 4. Qe2 Nc6 5. Nf3 d5 6. g3 a6 7. a3 Ba5 8. b4 Bb6
9. e5 Ba7 10. Qd3 Bb8 0-1

[Event "Fynsmesterskabet "]
[Site "Odense"]
[Date "2008.02.14"]
[Round "4"]
[White "Hamann, Brian"]
[Black "Nielsen, Chresten Anker"]
[Result "1/2-1/2"]
[WhiteElo "1687"]
[BlackElo "1630"]
[PlyCount "22"]
[EventDate "2008.??.??"]
[EventType "swiss"]
[EventRounds "7"]
[EventCountry "DEN"]

1. d4 e5 2. e4 exd4 3. Bc4 Nf6 4. Qxd4 Nc6 5. Qe3 d6 6. Nf3 Be7 7. O-O O-O 8.
Nc3 Be6 9. Nd5 Ng4 10. Nxe7+ Qxe7 11. Qe2 Nge5 1/2-1/2

[Event "Fynsmesterskabet "]
[Site "Odense"]
[Date "2008.02.14"]
[Round "4"]
[White "Hansen, Martin Strandby"]
[Black "Rostgaard, Tobias Valentin"]
[Result "1-0"]
[WhiteElo "2072"]
[BlackElo "1798"]
[PlyCount "159"]
[EventDate "2008.??.??"]
[EventType "swiss"]
[EventRounds "7"]
[EventCountry "DEN"]

1. d4 Nf6 2. c4 e6 3. Nf3 Bb4+ 4. Nbd2 b6 5. a3 Be7 6. e4 O-O 7. Bd3 Bb7 8. Qc2
h6 9. O-O c5 10. d5 exd5 11. exd5 d6 12. Re1 Nbd7 13. h3 b5 14. b3 Re8 15. Nf1
Bf8 16. Bd2 Qc7 17. Ng3 a5 18. a4 bxc4 19. bxc4 Rxe1+ 20. Rxe1 Re8 21. Rxe8
Nxe8 22. Qc3 Nef6 23. Qxa5 Qxa5 24. Bxa5 Ba6 25. Be2 Nh7 26. Bc7 g6 27. Ne4
Nhf6 28. Nc3 Ne8 29. Bd8 Bg7 30. Nb5 Bf6 31. Ba5 Kf8 32. Nd2 Ke7 33. Na7 Nb8
34. g3 Be5 35. Kg2 f5 36. f4 Bd4 37. Nb3 Bb2 38. Nb5 Nd7 39. Bd3 Ndf6 40. Kf3
h5 41. Bd2 Kd7 42. Na5 Nc7 43. Nc6 Bb7 44. Na5 Ba8 45. Ke2 h4 46. gxh4 Nh5 47.
Nxc7 Kxc7 48. Kf3 Bf6 49. Be1 Bb7 50. Nb3 Bc8 51. Bf2 Bd7 52. a5 Ba4 53. Nxc5
Bd1+ 54. Ke3 dxc5 55. Kd2 Ba4 56. Bxc5 Nxf4 57. Bf1 Be5 58. Bb6+ Kb7 59. h5
gxh5 60. Ke3 Bc2 61. Bd8 Be4 62. h4 Ng2+ 63. Kd2 f4 64. Be7 f3 65. d6 Kc6 66.
c5 Kd7 67. a6 Bc6 68. a7 Bd4 69. Bb5 Be3+ 70. Kc3 Bxb5 71. a8=Q f2 72. Qb7+ Ke6
73. Qxb5 Nf4 74. Bg5 Nd5+ 75. Kc2 Bxg5 76. hxg5 Ne3+ 77. Kb2 f1=Q 78. Qxf1 Nxf1
79. g6 Ne3 80. g7 1-0

[Event "Fynsmesterskabet "]
[Site "Odense"]
[Date "2008.02.14"]
[Round "4"]
[White "Jensen, Jens Skjoldborg"]
[Black "Nielsen, Jan"]
[Result "0-1"]
[WhiteElo "1503"]
[BlackElo "1416"]
[PlyCount "102"]
[EventDate "2008.??.??"]
[EventType "swiss"]
[EventRounds "7"]
[EventCountry "DEN"]

1. d4 d5 2. c4 c6 3. cxd5 cxd5 4. Nc3 Nf6 5. Nf3 h6 6. e3 e6 7. Bd2 Be7 8. Bd3
a6 9. Rc1 Nbd7 10. O-O b5 11. a3 Bb7 12. Qb3 Rb8 13. Ne2 O-O 14. a4 bxa4 15.
Qxa4 Nb6 16. Qb3 Qd6 17. Ne5 Nfd7 18. f4 Rfc8 19. Ba5 Rxc1 20. Rxc1 Bc8 21. Qd1
Nxe5 22. fxe5 Qd7 23. Rc3 Na4 24. Rc7 Qe8 25. Qc2 Nxb2 26. Qb1 Bd7 27. Bxa6 Nc4
28. Qa1 Nxe3 29. Qc3 Rb1+ 30. Kf2 Nd1+ 31. Kf3 Nxc3 32. Bxc3 Bb4 33. Bd3 Rf1+
34. Kg3 Bxc3 35. Rxc3 g6 36. Rb3 Kg7 37. h4 Qa8 38. Nf4 Ra1 39. Rb6 Qa5 40. Rb7
Qe1+ 41. Kf3 Qd1+ 42. Ke3 Qc1+ 43. Kf3 Qc6 44. Rb5 Rc1 45. Kg4 Rc3 46. Rb1 Qa4
47. Rb7 Rxd3 48. Nxd3 Qxd4+ 49. Nf4 Ba4 50. Kg3 Qe3+ 51. Kg4 Bd1+ 0-1

[Event "Fynsmesterskabet "]
[Site "Odense"]
[Date "2008.02.14"]
[Round "4"]
[White "Jorgensen, Peter Frank"]
[Black "Furrer, Christian"]
[Result "1/2-1/2"]
[WhiteElo "1493"]
[BlackElo "1147"]
[PlyCount "52"]
[EventDate "2008.??.??"]
[EventType "swiss"]
[EventRounds "7"]
[EventCountry "DEN"]

1. d4 d5 2. c4 Nf6 3. Nc3 Bf5 4. Nf3 e6 5. Bg5 Be7 6. e3 O-O 7. Be2 c5 8. O-O
h6 9. Bh4 Nc6 10. dxc5 Bxc5 11. Rc1 Be7 12. cxd5 exd5 13. a3 Re8 14. Bb5 a6 15.
Ba4 Ng4 16. Bxe7 Rxe7 17. Qxd5 Nce5 18. Qxd8+ Rxd8 19. Nxe5 Nxe5 20. Ne2 Rd2
21. Nd4 Bd3 22. Rfd1 Rxb2 23. f4 Ra2 24. fxe5 Rxa3 25. Rxd3 Rxa4 26. Rb1 b5
1/2-1/2

[Event "Fynsmesterskabet "]
[Site "Odense"]
[Date "2008.02.14"]
[Round "4"]
[White "Kiel, Jorgen"]
[Black "Nielsen, Villy"]
[Result "1-0"]
[WhiteElo "1621"]
[BlackElo "1128"]
[PlyCount "37"]
[EventDate "2008.??.??"]
[EventType "swiss"]
[EventRounds "7"]
[EventCountry "DEN"]

1. c4 e5 2. Nc3 Nc6 3. g3 d6 4. Bg2 Bf5 5. d3 Nf6 6. Bg5 Be7 7. a3 h6 8. Bxf6
Bxf6 9. Nd5 Nd4 10. e3 Ne6 11. Nxf6+ gxf6 12. Qa4+ Kf8 13. Qc2 c6 14. Ne2 Ng5
15. h4 Ne6 16. O-O-O Nc5 17. e4 Bd7 18. f4 h5 19. Rdf1 1-0

[Event "Fynsmesterskabet "]
[Site "Odense"]
[Date "2008.02.14"]
[Round "4"]
[White "Kristensen, Dan Wulff"]
[Black "Frederiksen, Jens"]
[Result "0-1"]
[WhiteElo "1428"]
[BlackElo "1431"]
[PlyCount "88"]
[EventDate "2008.??.??"]
[EventType "swiss"]
[EventRounds "7"]
[EventCountry "DEN"]

1. e4 c5 2. f4 Nc6 3. Nf3 g6 4. Bc4 Bg7 5. c3 Nf6 6. e5 Ng8 7. d3 d6 8. exd6
Qxd6 9. O-O e6 10. Qe1 Nge7 11. Nbd2 b6 12. Ne4 Qd8 13. Qg3 Nf5 14. Qf2 O-O 15.
g4 Nfe7 16. Neg5 h6 17. Qh4 Nd5 18. f5 exf5 19. gxf5 Bxf5 20. Bd2 Nc7 21. Qg3
Qd7 22. Ne4 Na5 23. Ne5 Qc8 24. Nd6 Qb8 25. Rxf5 Nxc4 26. Nc6 Nxd6 27. Nxb8
Nxf5 28. Qxc7 Rfxb8 29. Rf1 Rc8 30. Qb7 Rcb8 31. Qg2 Kh7 32. Re1 Rd8 33. Qe4
Rab8 34. Bf4 Rbc8 35. Qb7 Rf8 36. Qxa7 Ra8 37. Qxb6 Rxa2 38. Be5 Re8 39. d4
cxd4 40. cxd4 Raa8 41. Kf1 Re6 42. Qc5 Rae8 43. Qc3 Nxd4 44. Bxd4 Bxd4 0-1

[Event "Fynsmesterskabet "]
[Site "Odense"]
[Date "2008.02.14"]
[Round "4"]
[White "Kuntz, Jan"]
[Black "Pedersen, Jan Nordenbaek"]
[Result "0-1"]
[WhiteElo "1907"]
[BlackElo "2223"]
[PlyCount "70"]
[EventDate "2008.??.??"]
[EventType "swiss"]
[EventRounds "7"]
[EventCountry "DEN"]

1. c4 Nf6 2. g3 c5 3. Nf3 d5 4. cxd5 Nxd5 5. Nc3 Nc6 6. Bg2 Nc7 7. O-O e5 8.
Ne1 Be7 9. Bxc6+ bxc6 10. Nd3 Qd6 11. Qa4 f5 12. f4 e4 13. Ne5 Qd4+ 14. Kh1
Qxa4 15. Nxa4 Ba6 16. d3 Nd5 17. b3 Nb4 18. Bb2 exd3 19. exd3 Nxd3 20. Nxd3
Bxd3 21. Rfe1 Be4+ 22. Kg1 O-O 23. Nc3 Bf6 24. Rad1 Bd4+ 25. Kf1 Bf3 26. Rd2
Bg4 27. Kg2 Rfe8 28. Rxe8+ Rxe8 29. Na4 Re2+ 30. Rxe2 Bxe2 31. Ba3 c4 32. Bb4
Kf7 33. Nc3 Bd3 34. Ba5 Ke6 35. Kf3 cxb3 0-1

[Event "Fynsmesterskabet "]
[Site "Odense"]
[Date "2008.02.14"]
[Round "4"]
[White "Nykjaer, Jess"]
[Black "Frantsen, Tom"]
[Result "0-1"]
[WhiteElo "1769"]
[BlackElo "1779"]
[PlyCount "88"]
[EventDate "2008.??.??"]
[EventType "swiss"]
[EventRounds "7"]
[EventCountry "DEN"]

1. e4 c6 2. d4 d5 3. Nd2 dxe4 4. Nxe4 Bf5 5. Ng3 Bg6 6. Nf3 Nd7 7. Bd3 Ngf6 8.
c3 e6 9. O-O Bd6 10. Re1 Qc7 11. Nf1 Rd8 12. Ng5 O-O 13. Bxg6 hxg6 14. Qf3 Rfe8
15. Ne4 Nxe4 16. Rxe4 c5 17. Qh3 cxd4 18. Rxd4 f6 19. Be3 Kf7 20. Rad1 Nb8 21.
Qf3 Nc6 22. Rc4 Qa5 23. Qe2 Qxa2 24. Rh4 Qb3 25. Ra1 Bb8 26. h3 Rd7 27. Bc5 b6
28. Ba3 Red8 29. Rg4 Rd1 30. Qe4 Ne5 31. Rxd1 Qxd1 32. Qb7+ Qd7 33. Qxd7+ Rxd7
34. Re4 Rd1 35. g3 f5 36. Re2 Nc4 37. Bb4 a5 38. b3 axb4 39. bxc4 bxc3 40. Kg2
Bd6 41. Ne3 Rd3 42. Rc2 Bc5 43. Kf3 Bxe3 44. fxe3 e5 0-1

[Event "Fynsmesterskabet "]
[Site "Odense"]
[Date "2008.02.14"]
[Round "4"]
[White "Pallesen, Jorn"]
[Black "Nielsen, Theis"]
[Result "0-1"]
[WhiteElo "1514"]
[BlackElo "1693"]
[PlyCount "102"]
[EventDate "2008.??.??"]
[EventType "swiss"]
[EventRounds "7"]
[EventCountry "DEN"]

1. e4 c5 2. Nf3 d6 3. Nc3 Nc6 4. d4 cxd4 5. Nxd4 g6 6. Be3 Nf6 7. Be2 Bg7 8.
O-O Bd7 9. f4 O-O 10. g4 Nxd4 11. Bxd4 Bc6 12. Bf3 Qa5 13. g5 Nd7 14. Bxg7 Kxg7
15. Rf2 f6 16. Qd4 Qc5 17. Ne2 e5 18. gxf6+ Rxf6 19. Qxc5 Nxc5 20. fxe5 dxe5
21. Nc3 Raf8 22. Raf1 a5 23. Nd5 Bxd5 24. exd5 e4 25. Bg2 b5 26. b3 Rxf2 27.
Rxf2 Rxf2 28. Kxf2 Kf6 29. c4 bxc4 30. bxc4 Ke5 31. Ke3 g5 32. h3 h6 33. Bh1
Nd7 34. Bxe4 Nc5 35. h4 gxh4 36. d6 Ne6 37. d7 Kd6 38. Bf3 Kxd7 39. Bg4 Kd6 40.
Ke4 Ng5+ 41. Kf4 Kc5 42. Be2 h3 43. Kg3 Ne4+ 44. Kxh3 Nc3 45. Bh5 Nxa2 46. Be8
Nc3 47. Kh4 Kxc4 48. Kh5 Nb5 49. Kxh6 a4 50. Kg5 a3 51. Bf7+ Kc3 0-1

[Event "Fynsmesterskabet "]
[Site "Odense"]
[Date "2008.02.14"]
[Round "4"]
[White "Ploug, Kurt"]
[Black "Aagaard, Gert"]
[Result "1-0"]
[WhiteElo "1701"]
[BlackElo "1917"]
[PlyCount "58"]
[EventDate "2008.??.??"]
[EventType "swiss"]
[EventRounds "7"]
[EventCountry "DEN"]

1. d4 d5 2. c4 c6 3. Nc3 Nf6 4. Nf3 e6 5. Bg5 dxc4 6. e4 b5 7. e5 h6 8. Bh4 g5
9. Nxg5 Nd5 10. Nxf7 Qxh4 11. Nxh8 Bb4 12. Qf3 Qxd4 13. Be2 Nxc3 14. bxc3 Qxc3+
15. Kf1 Qxa1+ 16. Bd1 Qxe5 17. Qf7+ Kd8 18. Qg8+ Kc7 19. g3 Qd5 20. Qf7+ Nd7
21. Bf3 Qf5 22. Kg2 Bb7 23. Rd1 Bd6 24. Qxf5 exf5 25. Nf7 Bf8 26. Re1 Nc5 27.
Re5 Nd3 28. Re2 c5 29. Re3 b4 1-0

[Event "Fynsmesterskabet "]
[Site "Odense"]
[Date "2008.02.14"]
[Round "4"]
[White "Rasmussen, Erling"]
[Black "Sorensen, Alex"]
[Result "0-1"]
[WhiteElo "1648"]
[BlackElo "1737"]
[PlyCount "84"]
[EventDate "2008.??.??"]
[EventType "swiss"]
[EventRounds "7"]
[EventCountry "DEN"]

1. f4 d5 2. d3 Nf6 3. c3 c5 4. Nf3 Nc6 5. Qc2 Bf5 6. Nbd2 c4 7. e4 cxd3 8. Bxd3
dxe4 9. Nxe4 Bxe4 10. Bxe4 Qb6 11. Bxc6+ bxc6 12. Ne5 Nd5 13. Qf5 Nf6 14. Nc4
Qa6 15. Qd3 Qb5 16. Be3 Rd8 17. Qe2 Nd5 18. a4 Qb8 19. O-O-O Qb3 20. Bc5 Qxa4
21. Nd6+ Kd7 22. Nxf7 Qxf4+ 23. Qd2 Qxf7 24. c4 e6 25. cxd5 cxd5 26. Rhf1 Qg6
27. Bd4 Be7 28. Qc2 Rc8 29. Bc3 Qh6+ 30. Kb1 Rc4 31. Qb3 Rhc8 32. Qb5+ R8c6 33.
Qb7+ Rc7 34. Qb5+ Kc8 35. Qa6+ Rb7 36. Rfe1 Qg6+ 37. Ka2 Rxc3 38. Rxe6 Qc2 39.
Rb1 Ra3+ 40. Qxa3 Bxa3 41. Ree1 Qb3+ 42. Ka1 Bxb2+ 0-1

[Event "Fynsmesterskabet "]
[Site "Odense"]
[Date "2008.02.14"]
[Round "4"]
[White "Rasmussen, Jens"]
[Black "Madsen, Michael B"]
[Result "0-1"]
[WhiteElo "1584"]
[BlackElo "1917"]
[PlyCount "138"]
[EventDate "2008.??.??"]
[EventType "swiss"]
[EventRounds "7"]
[EventCountry "DEN"]

1. d4 Nf6 2. Nf3 c5 3. e3 e6 4. Bd3 d5 5. b3 Nc6 6. O-O Bd7 7. Bb2 cxd4 8. exd4
Bd6 9. Re1 Qc7 10. Ne5 Nb4 11. Nd2 Nxd3 12. cxd3 Bc8 13. f4 O-O 14. g3 Ne8 15.
Rc1 Qe7 16. Rc2 f6 17. Ng4 Qf7 18. Nf2 Qg6 19. Qg4 Qxg4 20. Nxg4 Bd7 21. Rec1
Kf7 22. Kg2 Ke7 23. Nf3 Kd8 24. a3 Rf7 25. Ne3 g6 26. Rc3 Nc7 27. R3c2 Nb5 28.
b4 Nc7 29. Nd1 a5 30. Bc3 Nb5 31. bxa5 Nxc3 32. Rxc3 Rxa5 33. Rb1 Bb5 34. Rbc1
Rc7 35. Rxc7 Bxc7 36. Rb1 Bc6 37. Nd2 Rxa3 38. Nf2 Bd6 39. Nb3 Ke7 40. Kf3 Ra2
41. Ke3 Bb4 42. Kf3 b5 43. Nc1 Ra4 44. Nd1 Ba5 45. Ke3 Bb6 46. Ne2 e5 47. fxe5
fxe5 48. Rc1 Kd6 49. Kf3 Bxd4 50. Nxd4 Rxd4 51. Ke3 Ra4 52. Rc2 Ra1 53. Rd2 d4+
54. Kf2 b4 55. g4 Bd5 56. Kg3 Rb1 57. g5 Bb3 58. Nf2 Rg1+ 59. Kf3 Bd5+ 60. Ne4+
Bxe4+ 61. dxe4 Rxg5 62. Rd1 Rh5 63. Kg3 g5 64. Rf1 Rh4 65. Re1 Rf4 66. h4 Rxh4
67. Rb1 Kc5 68. Rc1+ Kb5 69. Rc8 Rxe4 0-1